El arte de insultar

Uloženo v:
Podrobná bibliografie
Hlavní autor: Schopenhauer, Arthur (Autor)
Médium: Kniha
Jazyk:španělština
Vydáno: Madrid Alianza 2005
Vydání:1a. ed
Témata:
Tagy: Přidat tag
Žádné tagy, Buďte první, kdo vytvoří štítek k tomuto záznamu!

MARC

LEADER 00000nam a2200000 a 4500
001 UCI6484
003 CL-VaPUC
008 080509e20050000SP |||||||||||||||||spa|d
020 |a 8420659207 
082 0 4 |a 149.6  |b SCH  |2 21 
100 0 |a Schopenhauer, Arthur  |e author  |9 265694 
245 1 3 |a El arte de insultar 
250 |a 1a. ed 
300 |a 163 p 
942 |c BK 
945 |d 20080509 00:00:00  |a cmena 
260 |a Madrid  |b Alianza  |c 2005 
650 0 |a Filosofía   |9 223554 
650 0 |a Ideologías  |9 255200 
650 0 |a Pesimismo  |9 322258 
650 0 |a Filosofía de la literatura  |9 267374 
583 |a last modification  |c 20080509 00:00:00  |k Rodrigo Vera 
999 |c 329979  |d 329977 
952 |0 0  |1 0  |4 0  |6 149_600000000000000_SCH_2005  |7 0  |8 A  |9 415247  |a BIBCUR  |b BIBCUR  |d 2019-11-22  |i 4438671  |l 2  |o 149.6 SCH 2005  |p 4438671  |r 2025-04-22  |s 2022-01-10  |w 2019-11-22  |y BK  |k PER